psychology applied to werk (Record no. 6414)

MARC details
000 -LEADER
fixed length control field 00377nam a22001697a 4500
003 - CONTROL NUMBER IDENTIFIER
control field OSt
005 - DATE AND TIME OF LATEST TRANSACTION
control field 20210923144543.0
008 - FIXED-LENGTH DATA ELEMENTS--GENERAL INFORMATION
fixed length control field 210923b |||||||| |||| 00| 0 eng d
020 ## - INTERNATIONAL STANDARD BOOK NUMBER
International Standard Book Number 0495030503
040 ## - CATALOGING SOURCE
Transcribing agency hu
082 ## - DEWEY DECIMAL CLASSIFICATION NUMBER
Classification number 150/mar
100 ## - MAIN ENTRY--PERSONAL NAME
Personal name marc
9 (RLIN) 6717
245 ## - TITLE STATEMENT
Title psychology applied to werk
260 ## - PUBLICATION, DISTRIBUTION, ETC.
Place of publication, distribution, etc. meixico
Name of publisher, distributor, etc. hall
Date of publication, distribution, etc. 2006
300 ## - PHYSICAL DESCRIPTION
Extent 231
942 ## - ADDED ENTRY ELEMENTS (KOHA)
Source of classification or shelving scheme Dewey Decimal Classification
Koha item type Books like text book referance book
Suppress in OPAC No
Holdings
Withdrawn status Lost status Source of classification or shelving scheme Damaged status Not for loan Home library Current library Shelving location Date acquired Total Checkouts Full call number Barcode Date last seen Copy number Price effective from Koha item type
    Dewey Decimal Classification     Social Library Social Library General Stacks 09/23/2021   150/mar SHLIB 000009872 09/23/2021 1 09/23/2021 Books like text book referance book